NBA First Overall Picks Quiz - Statistics

General Stats
  • This quiz has been taken 401 times
  • The average score is 34 of 75
Answer Stats
Year Team Drafted To Nationality Position Answer % Correct
2003 Cleveland Cavaliers American Forward LeBron James
95%
2023 San Antonio Spurs French Center Victor Wembanyama
93%
2019 New Orleans Pelicans American Forward Zion Williamson
91%
2020 Minnesota Timberwolves American Guard Anthony Edwards
88%
2011 Cleveland Cavaliers American Guard Kyrie Irving
87%
2021 Detroit Pistons American Guard Cade Cunningham
86%
2022 Orlando Magic American Forward Paolo Banchero
86%
2002 Houston Rockets Chinese Center Yao Ming
84%
2008 Chicago Bulls American Guard Derrick Rose
83%
2012 New Orleans Pelicans American Center/Forward Anthony Davis
82%
2016 Philadelphia 76ers Australian Forward/Guard Ben Simmons
82%
2015 Minnesota Timberwolves Dominican Center/Forward Karl-Anthony Towns
82%
1992 Orlando Magic American Center Shaquille O'Neal
82%
1984 Houston Rockets Nigerian Center Hakeem Olajuwon
81%
1997 San Antonio Spurs American (Virgin Islander) Forward/Center Tim Duncan
80%
2010 Washington Wizards American Guard John Wall
79%
2009 Los Angeles Clippers American Forward Blake Griffin
78%
2018 Phoenix Suns Bahamian Center DeAndre Ayton
78%
2004 Orlando Magic American Center Dwight Howard
77%
1979 Los Angeles Lakers American Guard/Forward Magic Johnson
77%
1996 Philadelphia 76ers American Guard Allen Iverson
74%
2014 Cleveland Cavaliers Canadian Forward Andrew Wiggins
73%
1987 San Antonio Spurs American Center David Robinson
73%
1994 Milwaukee Bucks American Forward Glenn Robinson
72%
1969 Milwaukee Bucks American Center Lew Alcindor
70%
1985 New York Knicks American Center Patrick Ewing
70%
1966 New York Knicks American Forward/Guard Cazzie Russell
68%
1991 Charlotte Hornets American Forward Larry Johnson
68%
2017 Philadelphia 76ers American Guard Markelle Fultz
66%
2007 Portland Trail Blazers American Center Greg Oden
64%
2013 Cleveland Cavaliers Canadian Forward Anthony Bennett
63%
2005 Milwaukee Bucks Australian Center Andrew Bogut
60%
2024 Atlanta Hawks French Forward Zaccharie Risacher
58%
1960 Cincinnati Royals American Guard/Forward Oscar Robertson
55%
1974 Portland Trail Blazers American Center Bill Walton
54%
1982 Los Angeles Lakers American Forward James Worthy
54%
2006 Toronto Raptors Italian Forward/Center Andrea Bargnani
53%
1993 Orlando Magic American Forward Chris Webber
52%
2001 Washington Wizards American Center Kwame Brown
44%
1995 Golden State Warriors American Forward Joe Smith
42%
1983 Houston Rockets American Center Ralph Sampson
41%
1971 Cleveland Cavaliers American Guard Austin Carr
39%
1999 Chicago Bulls American Forward Elton Brand
37%
2000 New Jersey Nets American Forward Kenyon Martin
35%
1972 Portland Trail Blazers American Center LaRue Martin
35%
1998 Los Angeles Clippers Nigerian Center Michael Olowokandi
35%
1958 Minneapolis Lakers American Forward Elgin Baylor
29%
1981 Dallas Mavericks American Forward Mark Aguirre
29%
1986 Cleveland Cavaliers American Center Brad Daugherty
28%
1968 San Diego Rockets American Center/Forward Elvin Hayes
27%
1978 Portland Trail Blazers Bahamian Forward/Center Mychal Thompson
27%
1975 Atlanta Hawks American Forward/Guard David Thompson
26%
1988 Los Angeles Clippers American Forward Danny Manning
21%
1970 Detroit Pistons American Center Bob Lanier
20%
1990 New Jersey Nets American Forward/Center Derrick Coleman
19%
1980 Golden State Warriors American Center Joe Barry Carroll
13%
1956 Rochester Royals American Guard/Forward Sihugo Green
13%
1967 Detroit Pistons American Guard Jimmy Walker
11%
1989 Sacramento Kings American Center Pervis Ellison
10%
1973 Philadelphia 76ers American Guard/Forward Doug Collins
8%
1961 Chicago Packers American Center Walt Bellamy
8%
1959 Cincinnati Royals American Forward Bob Boozer
5%
1964 New York Knicks American Center/Forward Jim Barnes
4%
1950 Boston Celtics American Center Charlie Share
3%
1976 Houston Rockets American Guard John Lucas
3%
1977 Milwaukee Bucks American Center Kent Benson
3%
1963 New York Knicks American Forward/Guard Art Heyman
2%
1962 Chicago Zephyrs American Forward/Center Bill McGill
2%
1955 Milwaukee Hawks American Guard/Forward Dick Ricketts
2%
1954 Baltimore Bullets American Forward/Center Frank Selvy
2%
1965 San Francisco Warriors American Forward/Center Fred Hetzel
2%
1951 Baltimore Bullets American Guard Gene Melchiorre
2%
1952 Milwaukee Hawks American Center Mark Workman
2%
1953 Baltimore Bullets American Center Ray Felix
2%
1957 Cincinnati Royals American Guard Rod Hundley
2%
No matching quizzes found
Score Distribution
Percent of People with Each Score
Percentile by Number Answered
Your Score History
You have not taken this quiz